[Event "GRE-ch U14 Girls"]
[Site "Peristeri"]
[Date "2023.07.06"]
[Round "6"]
[White "Tzempelikou, Christina"]
[Black "Toumpakari, Maria"]
[Result "0-1"]
[WhiteElo "1191"]
[BlackElo "1400"]
[PlyCount "88"]
[EventDate "2023.07.03"]
[EventType "swiss"]
[EventRounds "9"]
[EventCountry "GRE"]
[SourceTitle "EXT 2024"]
[Source "ChessBase"]
[SourceDate "2023.10.10"]
[SourceVersion "1"]
[SourceVersionDate "2023.10.10"]
[SourceQuality "1"]

1. d4 Nf6 2. Nf3 b6 3. Bf4 Bb7 4. e3 e6 5. Nbd2 d5 6. Bd3 c5 7. c3 Bd6 8. Ne5 0-0 9. h4 Bxe5 10. dxe5 Ne4 11. Qh5 f5 12. Nf3 Qe8 13. g4 Nc6 14. Ng5 Qxh5 15. gxh5 Nxg5 16. hxg5 a5 17. Rg1 Ba6 18. Bxa6 Rxa6 19. Rd1 b5 20. Ke2 a4 21. Rg2 Na5 22. Kf3 Nc4 23. b3 axb3 24. axb3 Nb6 25. Rdg1 Nd7 26. Rc1 Rfa8 27. c4 dxc4 28. bxc4 b4 29. g6 h6 30. Rd1 Nb6 31. Rd6 Nxc4 32. Rd7 Nb6 33. Re7 Nd5 34. Rb7 Rb6 35. Rd7 Nxf4 36. Kxf4 b3 37. Rg1 b2 38. Rb1 Rbb8 39. Rc7 Rb5 40. Re7 Kf8 41. Rf7+ Ke8 42. Rxg7 Ra1 43. Rc7 Rxb1 44. g7 Rg1 0-1

[Event "GRE-ch U14 Girls"]
[Site "Peristeri"]
[Date "2023.07.04"]
[Round "3"]
[White "Tzempelikou, Christina"]
[Black "Vardaka, Styliani"]
[Result "1/2-1/2"]
[WhiteElo "1191"]
[BlackElo "1364"]
[PlyCount "60"]
[EventDate "2023.07.03"]
[EventType "swiss"]
[EventRounds "9"]
[EventCountry "GRE"]
[SourceTitle "EXT 2024"]
[Source "ChessBase"]
[SourceDate "2023.10.10"]
[SourceVersion "1"]
[SourceVersionDate "2023.10.10"]
[SourceQuality "1"]

1. d4 d5 2. c4 e6 3. Nc3 Nf6 4. cxd5 exd5 5. Bg5 Be7 6. e3 0-0 7. Bd3 Nbd7 8. Qc2 b6 9. Nf3 Bb7 10. 0-0 Rc8 11. Rfe1 c5 12. Rac1 Re8 13. Qe2 Ne4 14. Bxe7 Qxe7 15. Ba6 Ndf6 16. Bxb7 Qxb7 17. Nxe4 Nxe4 18. b3 h6 19. Qd3 Rc7 20. Ne5 Rec8 21. f3 Nf6 22. Re2 cxd4 23. Rxc7 Rxc7 24. Qxd4 Qc8 25. Nd3 Rc3 26. Nb4 Rc1+ 27. Kf2 Qf5 28. Re1 Rc5 29. Nd3 Rc8 30. Nb4 Ne4+ 1/2-1/2

[Event "GRE-chT U16 14th"]
[Site "Rio Achaia"]
[Date "2022.12.17"]
[Round "5"]
[White "Tzempelikou, Christina"]
[Black "Mavridis, Athanasios Theof"]
[Result "0-1"]
[WhiteElo "1090"]
[BlackElo "1658"]
[PlyCount "72"]
[EventDate "2022.12.15"]
[EventType "team-swiss"]
[EventRounds "6"]
[EventCountry "GRE"]
[SourceTitle "EXT 2024"]
[Source "ChessBase"]
[SourceDate "2023.10.10"]
[SourceVersion "1"]
[SourceVersionDate "2023.10.10"]
[SourceQuality "1"]

1. d4 Nf6 2. Nf3 b6 3. e3 Bb7 4. Bd3 e6 5. b3 Be7 6. Bb2 0-0 7. c4 c5 8. Nc3 cxd4 9. exd4 d5 10. Be2 Nc6 11. h4 Ne4 12. a3 Rc8 13. Qc2 Bf6 14. Rd1 Ne7 15. Bd3 Nxc3 16. Bxc3 dxc4 17. bxc4 Bxf3 18. gxf3 Nf5 19. Qe2 Bxd4 20. Bxd4 Nxd4 21. Qe4 Nf5 22. Qf4 Qf6 23. Be2 Rfd8 24. Rg1 Qc3+ 25. Kf1 Rxd1+ 26. Bxd1 Qxc4+ 27. Qxc4 Rxc4 28. Ke2 Rxh4 29. Re1 Kf8 30. Kd3 Rd4+ 31. Kc3 h5 32. Bc2 Rd5 33. Be4 Rc5+ 34. Kb4 Nd4 35. Rd1 a5+ 36. Ka4 Rc4# 0-1

[Event "GRE-chT U16 14th"]
[Site "Rio Achaia"]
[Date "2022.12.16"]
[Round "3"]
[White "Tzempelikou, Christina"]
[Black "Tzatzimakis, Theodoros"]
[Result "1/2-1/2"]
[WhiteElo "1090"]
[BlackElo "1227"]
[PlyCount "93"]
[EventDate "2022.12.15"]
[EventType "team-swiss"]
[EventRounds "6"]
[EventCountry "GRE"]
[SourceTitle "EXT 2024"]
[Source "ChessBase"]
[SourceDate "2023.10.10"]
[SourceVersion "1"]
[SourceVersionDate "2023.10.10"]
[SourceQuality "1"]

1. d4 d5 2. Nf3 Nf6 3. g3 e6 4. Bg2 c5 5. b3 Nc6 6. Bb2 Bd7 7. c4 cxd4 8. Nxd4 Bb4+ 9. Nd2 dxc4 10. bxc4 Nxd4 11. Bxd4 Qc7 12. 0-0 Be7 13. Rb1 Bc6 14. e4 0-0 15. Re1 Rfd8 16. Bc3 Qd7 17. Qc2 Qd3 18. Qb3 b6 19. Rbd1 Qd7 20. Nf3 Qb7 21. Nd2 Nd7 22. Bd4 Bf6 23. Be3 Be7 24. Qc2 Nc5 25. Bxc5 Bxc5 26. Nb3 Be7 27. Rb1 Qc7 28. Qc3 Rd7 29. Red1 Rad8 30. Rxd7 Qxd7 31. c5 bxc5 32. Nxc5 Bxc5 33. Qxc5 Rc8 34. Qb4 h6 35. Bf1 Rd8 36. a3 Kh7 37. Rc1 e5 38. Ba6 f6 39. Qc4 Ba8 40. Bc8 Qd4 41. Bf5+ Kh8 42. Qc8 Qd6 43. Qc3 Qb6 44. Qc4 Qd6 45. Qc3 Bb7 46. Qb3 Ba8 47. Qc3 1/2-1/2

[Event "GRE-ch U20 Girls"]
[Site "Trikala"]
[Date "2022.08.31"]
[Round "9"]
[White "Tzempelikou, Agapi"]
[Black "Tzempelikou, Christina"]
[Result "1-0"]
[WhiteElo "1341"]
[BlackElo "1057"]
[PlyCount "147"]
[EventDate "2022.08.25"]
[EventType "swiss"]
[EventRounds "9"]
[EventCountry "GRE"]
[SourceTitle "CBM 210 Extra"]
[Source "ChessBase"]
[SourceDate "2022.11.30"]
[SourceVersion "1"]
[SourceVersionDate "2022.11.30"]
[SourceQuality "1"]

1. c4 e5 2. Nc3 g6 3. g3 Bg7 4. Bg2 f5 5. e3 Nf6 6. Nge2 d6 7. 0-0 c6 8. d4 e4 9. d5 0-0 10. f3 Re8 11. Qc2 Qe7 12. Nd4 Bd7 13. fxe4 fxe4 14. dxc6 bxc6 15. Nb3 Na6 16. Nd2 Nc5 17. b4 Na6 18. Rb1 Rab8 19. a3 d5 20. cxd5 cxd5 21. Bb2 Rbc8 22. Qb3 Nc7 23. Ndxe4 Kh8 24. Nxf6 Bxf6 25. Rxf6 Qxe3+ 26. Kh1 d4 27. Qc2 Bf5 28. Rxf5 gxf5 29. Na4 Rf8 30. Nc5 f4 31. Rd1 Nb5 32. a4 Nc3 33. Bxc3 dxc3 34. gxf4 Rxf4 35. Qd3 Qxd3 36. Nxd3 c2 37. Rc1 Rf6 38. Kg1 Kg7 39. Nc5 Rb6 40. Rxc2 Re8 41. b5 Kf7 42. Rf2+ Ke7 43. Re2+ Kd8 44. Rxe8+ Kxe8 45. Bc6+ Ke7 46. Be4 Kd6 47. Nd3 h6 48. Kf2 a6 49. bxa6 Rxa6 50. Nb2 Ke5 51. Ke3 Kd6 52. Kf4 Kc5 53. Nd3+ Kc4 54. Ne5+ Kb4 55. Bc6 Ra5 56. Bb5 Ra8 57. Kf5 Rh8 58. Nf7 Rh7 59. Kg6 Rxf7 60. Kxf7 h5 61. h4 Ka5 62. Kg6 Kb6 63. Kxh5 Ka5 64. Kg6 Kb6 65. h5 Ka7 66. Kf7 Kb6 67. h6 Ka7 68. h7 Kb6 69. h8Q Ka5 70. Qa8+ Kb6 71. Ke7 Kc7 72. Qc6+ Kb8 73. Ba6 Ka7 74. Qb7# 1-0

[Event "GRE-ch U14 Girls"]
[Site "Thessaloniki"]
[Date "2022.08.19"]
[Round "2"]
[White "Pessiridi, Charalampia"]
[Black "Tzempelikou, Christina"]
[Result "1-0"]
[WhiteElo "1203"]
[BlackElo "1057"]
[PlyCount "53"]
[EventDate "2022.08.18"]
[EventType "swiss"]
[EventRounds "7"]
[EventCountry "GRE"]
[SourceTitle "EXT 2024"]
[Source "ChessBase"]
[SourceDate "2023.10.10"]
[SourceVersion "1"]
[SourceVersionDate "2023.10.10"]
[SourceQuality "1"]

1. e4 g6 2. d4 Bg7 3. Nc3 d6 4. Be3 Nd7 5. Qd2 Ngf6 6. f3 e5 7. 0-0-0 0-0 8. g4 Qe7 9. h4 exd4 10. Bxd4 Ne5 11. h5 a5 12. Be3 Be6 13. Bh6 a4 14. a3 Nc4 15. Bxc4 Bxc4 16. Bxg7 Kxg7 17. hxg6 fxg6 18. g5 Nd7 19. Qd4+ Ne5 20. Nd5 Qxg5+ 21. f4 Qg2 22. Nh3 Bb3 23. cxb3 axb3 24. Ne3 Qg3 25. Rdg1 Qh4 26. Ng5 Qxf4 27. Ne6+ 1-0

[Event "GRE-chT Online Rapid (Women) 1st"]
[Site "Tornelo INT"]
[Date "2021.02.21"]
[Round "6.7"]
[White "Tzempelikou, Christina"]
[Black "Dimaki, Evangelia"]
[Result "0-1"]
[WhiteElo "1123"]
[BlackElo "1150"]
[PlyCount "120"]
[EventDate "2021.02.20"]
[EventType "team-swiss (rapid)"]
[EventRounds "9"]
[EventCountry "GRE"]
[SourceTitle "EXT 2023"]
[Source "ChessBase"]
[SourceDate "2022.10.05"]
[SourceVersion "1"]
[SourceVersionDate "2022.10.05"]
[SourceQuality "1"]

1. d4 d5 2. Nf3 e6 3. Bf4 Nf6 4. e3 Bd6 5. Bg3 c5 6. c3 0-0 7. Be2 Qc7 8. Nbd2 Nbd7 9. Qc2 b6 10. Bb5 Bb7 11. Bxd7 Nxd7 12. Ng5 Nf6 13. 0-0 e5 14. dxe5 Bxe5 15. Bxe5 Qxe5 16. Ndf3 Qc7 17. Rfe1 h6 18. Nh3 Qd7 19. Nf4 d4 20. Ne5 Qc7 21. cxd4 Rac8 22. Qc3 Ne4 23. Qd3 cxd4 24. Qxd4 Rfd8 25. Rac1 Qxc1 26. Qxd8+ Rxd8 27. Rxc1 Rd2 28. f3 Nd6 29. Rb1 f6 30. Ng4 Bc8 31. a3 Bxg4 32. fxg4 Nc4 33. h3 Nxb2 34. Rc1 Rd1+ 35. Rxd1 Nxd1 36. e4 Nc3 37. Kf2 Nxe4+ 38. Ke3 Nd6 39. Kd3 Kf7 40. Nd5 Ke6 41. Nc7+ Ke5 42. Na6 Kf4 43. Ke2 Kg3 44. Kf1 Nc4 45. a4 Nb2 46. Nc7 Nxa4 47. Ne6 b5 48. Nxg7 b4 49. Nf5+ Kh2 50. Nd4 Nc5 51. Ne2 b3 52. Nc3 b2 53. h4 Kg3 54. g5 fxg5 55. hxg5 hxg5 56. Kg1 a5 57. Kf1 a4 58. Ne2+ Kh2 59. Nc3 a3 60. Nb1 a2 0-1

[Event "GRE-chT Online Rapid (Women) 1st"]
[Site "Tornelo INT"]
[Date "2021.02.21"]
[Round "5.10"]
[White "Vlachopoulou, Isavella Maria"]
[Black "Tzempelikou, Christina"]
[Result "1-0"]
[WhiteElo "1162"]
[BlackElo "1123"]
[PlyCount "163"]
[EventDate "2021.02.20"]
[EventType "team-swiss (rapid)"]
[EventRounds "9"]
[EventCountry "GRE"]
[SourceTitle "EXT 2023"]
[Source "ChessBase"]
[SourceDate "2022.10.05"]
[SourceVersion "1"]
[SourceVersionDate "2022.10.05"]
[SourceQuality "1"]

1. e4 e5 2. Nf3 Nc6 3. Bc4 Nf6 4. Ng5 d5 5. exd5 Na5 6. Bb5+ c6 7. dxc6 bxc6 8. Qf3 Bd7 9. Bd3 h6 10. Ne4 Be7 11. Nxf6+ Bxf6 12. b4 Nb7 13. Nc3 0-0 14. 0-0 Nd6 15. Ne4 Nxe4 16. Qxe4 g6 17. Bb2 Re8 18. Rfd1 Qc7 19. Qf3 Bg7 20. Qe4 Bf5 21. Qc4 Be6 22. Qc5 Bd7 23. Re1 Rac8 24. a3 Bf8 25. Qe3 Bg7 26. Qg3 c5 27. Bc4 cxb4 28. Bb3 Qc5 29. axb4 Qxb4 30. Bc3 Qf4 31. Qxg6 Qf6 32. Qxf6 Bxf6 33. Rxa7 Red8 34. Bxe5 Bxe5 35. Rxe5 Re8 36. Rxe8+ Rxe8 37. h3 Re1+ 38. Kh2 Be6 39. Bxe6 fxe6 40. d3 Re2 41. Rc7 Rxf2 42. Kg3 Re2 43. c4 Re3+ 44. Kf4 Rxd3 45. Ke5 Re3+ 46. Kf6 e5 47. Kg6 Rg3+ 48. Kxh6 Rxg2 49. Re7 Re2 50. Kg6 Rg2+ 51. Kf5 Rf2+ 52. Kxe5 Re2+ 53. Kd6 Rd2+ 54. Kc5 Rd3 55. Kb6 Rxh3 56. c5 Rh6+ 57. c6 Kf8 58. Rd7 Ke8 59. Kb7 Rh1 60. Kc8 Rc1 61. c7 Rc4 62. Rd8+ Ke7 63. Rh8 Kd6 64. Rh7 Rc5 65. Kd8 Ke6 66. c8Q+ Rxc8+ 67. Kxc8 Kd6 68. Rd7+ Ke6 69. Kd8 Kf6 70. Re7 Kg6 71. Ke8 Kf6 72. Kf8 Kg6 73. Ke8 Kf6 74. Kd7 Kg6 75. Ke6 Kg5 76. Rf7 Kg6 77. Rf5 Kg7 78. Rf6 Kg8 79. Rf7 Kh8 80. Kf6 Kg8 81. Kg6 Kh8 82. Rf8# 1-0

[Event "GRE-chT Online Rapid (Women) 1st"]
[Site "Tornelo INT"]
[Date "2021.02.20"]
[Round "4.10"]
[White "Tzempelikou, Christina"]
[Black "Goridari, Artemis"]
[Result "0-1"]
[WhiteElo "1123"]
[BlackElo "1189"]
[PlyCount "66"]
[EventDate "2021.02.20"]
[EventType "team-swiss (rapid)"]
[EventRounds "9"]
[EventCountry "GRE"]
[SourceTitle "EXT 2023"]
[Source "ChessBase"]
[SourceDate "2022.10.05"]
[SourceVersion "1"]
[SourceVersionDate "2022.10.05"]
[SourceQuality "1"]

1. e4 d5 2. exd5 Qxd5 3. Nc3 Qd6 4. Bc4 Nf6 5. d4 a6 6. Nf3 b5 7. Bb3 Nbd7 8. 0-0 Bb7 9. Be3 e6 10. a3 Be7 11. Qe2 0-0 12. Rfd1 Rac8 13. h3 Rfd8 14. Bg5 h6 15. Bh4 Re8 16. Bg3 Qb6 17. d5 exd5 18. Bxd5 Nxd5 19. Nxd5 Bxd5 20. Rxd5 Nf6 21. Re5 Bd6 22. Kh1 Bxe5 23. Bxe5 Nd7 24. Re1 Nxe5 25. Nxe5 f6 26. Qf3 Rxe5 27. Rd1 Rce8 28. Qb3+ Kf8 29. Qb4+ c5 30. Qg4 Re1+ 31. Rxe1 Rxe1+ 32. Kh2 Qc7+ 33. g3 Qc6 0-1

[Event "GRE-ch Online Blitz (Women) 1st"]
[Site "Tornelo INT"]
[Date "2021.02.07"]
[Round "11"]
[White "Kolovou, Christina"]
[Black "Tzempelikou, Christina"]
[Result "0-1"]
[WhiteElo "1256"]
[BlackElo "1136"]
[PlyCount "52"]
[EventDate "2021.02.07"]
[EventType "swiss (blitz)"]
[EventRounds "16"]
[EventCountry "GRE"]
[SourceTitle "EXT 2023"]
[Source "ChessBase"]
[SourceDate "2022.10.05"]
[SourceVersion "1"]
[SourceVersionDate "2022.10.05"]
[SourceQuality "1"]

1. e4 e5 2. Nf3 Nc6 3. d4 exd4 4. Nxd4 Bc5 5. Be3 Qf6 6. c3 Qh4 7. Bd3 d6 8. Nd2 Nf6 9. N2f3 Qh5 10. Nxc6 Bxe3 11. fxe3 bxc6 12. Qc2 Bg4 13. Rf1 0-0 14. 0-0-0 Qa5 15. Kb1 Be6 16. a3 Rab8 17. Nh4 Qxa3 18. Nf5 Qa2+ 19. Kc1 Qa1+ 20. Kd2 Qxb2 21. Qxb2 Rxb2+ 22. Ke1 Bb3 23. Rc1 Rb8 24. Ne7+ Kf8 25. Nxc6 Rb6 26. Nd4 Ba4 0-1

[Event "GRE-ch Online Blitz (Women) 1st"]
[Site "Tornelo INT"]
[Date "2021.02.07"]
[Round "5"]
[White "Tzempelikou, Christina"]
[Black "Dereka, Konstantina"]
[Result "0-1"]
[WhiteElo "1136"]
[BlackElo "1363"]
[PlyCount "104"]
[EventDate "2021.02.07"]
[EventType "swiss (blitz)"]
[EventRounds "16"]
[EventCountry "GRE"]
[SourceTitle "EXT 2023"]
[Source "ChessBase"]
[SourceDate "2022.10.05"]
[SourceVersion "1"]
[SourceVersionDate "2022.10.05"]
[SourceQuality "1"]

1. e4 Nf6 2. Nc3 d5 3. e5 Nfd7 4. Nf3 c5 5. Nxd5 Nxe5 6. Nc3 Nxf3+ 7. Qxf3 Nc6 8. Bb5 Bd7 9. d3 e6 10. Be3 Be7 11. Kf1 a6 12. Bc4 0-0 13. a4 Qb6 14. b3 Ne5 15. Qg3 Nxc4 16. dxc4 Bf6 17. Bd2 Bc6 18. Ke2 Rad8 19. Rhe1 Rd7 20. Kf1 Rxd2 21. Qe3 Rfd8 22. Rab1 Bxc3 23. Qxc3 Qb4 24. Qg3 Rxc2 25. Red1 Rcd2 26. Rxd2 Qxd2 27. h3 Qd3+ 28. Qxd3 Rxd3 29. g3 Kf8 30. Ke2 Rd4 31. h4 Ke7 32. Ke3 Be4 33. Rb2 f5 34. f3 Bc6 35. Rb1 a5 36. Rb2 Rd1 37. Rc2 Rb1 38. Rc3 Rf1 39. f4 Rf3+ 40. Kd2 Rxc3 41. Kxc3 Kf6 42. Kd3 e5 43. fxe5+ Kxe5 44. Ke3 h6 45. h5 Be8 46. g4 fxg4 47. Kf2 Kf4 48. Kg2 g3 49. Kg1 Kf3 50. Kh1 g2+ 51. Kg1 Bxh5 52. b4 axb4 0-1

[Event "GRE-ch Online Blitz (Women) 1st"]
[Site "Tornelo INT"]
[Date "2021.02.07"]
[Round "1"]
[White "Tzempelikou, Christina"]
[Black "Papadopoulou, Marilena"]
[Result "0-1"]
[WhiteElo "1136"]
[BlackElo "1389"]
[PlyCount "76"]
[EventDate "2021.02.07"]
[EventType "swiss (blitz)"]
[EventRounds "16"]
[EventCountry "GRE"]
[SourceTitle "EXT 2023"]
[Source "ChessBase"]
[SourceDate "2022.10.05"]
[SourceVersion "1"]
[SourceVersionDate "2022.10.05"]
[SourceQuality "1"]

1. e4 e5 2. Nf3 Nc6 3. Nc3 Nf6 4. Bc4 Nxe4 5. Bxf7+ Kxf7 6. Nxe4 d5 7. Neg5+ Kg8 8. d3 h6 9. Nh3 Bg4 10. Nhg1 e4 11. dxe4 dxe4 12. Qxd8 Rxd8 13. Nd2 Nd4 14. Rb1 Nxc2+ 15. Kf1 Bb4 16. h3 Be6 17. Ke2 Nd4+ 18. Ke3 Nf5+ 19. Kxe4 Bxd2 20. Bxd2 Rxd2 21. f3 Kf7 22. Rc1 c6 23. Rc5 Rhd8 24. g4 R2d4+ 25. Ke5 R8d5+ 26. Rxd5 Rxd5+ 27. Ke4 Nd6+ 28. Ke3 Kf6 29. g5+ hxg5 30. Ne2 Re5+ 31. Kf2 Nc4 32. Nd4 Bd5 33. Re1 Rxe1 34. Kxe1 c5 35. Ne2 Bxf3 36. Nc3 Bg2 37. Ne2 Bxh3 38. Ng3 Be6 0-1

[Event "GRE-ch Online Blitz (Women) 1st"]
[Site "Tornelo INT"]
[Date "2021.02.07"]
[Round "16"]
[White "Tzempelikou, Christina"]
[Black "Tsapaki, Asimenia"]
[Result "0-1"]
[WhiteElo "1136"]
[BlackElo "1265"]
[PlyCount "54"]
[EventDate "2021.02.07"]
[EventType "swiss (blitz)"]
[EventRounds "16"]
[EventCountry "GRE"]
[SourceTitle "EXT 2023"]
[Source "ChessBase"]
[SourceDate "2022.10.05"]
[SourceVersion "1"]
[SourceVersionDate "2022.10.05"]
[SourceQuality "1"]

1. e4 c5 2. Nf3 Nf6 3. Nc3 d5 4. exd5 Nxd5 5. Bc4 e6 6. d3 Be7 7. 0-0 0-0 8. Re1 Nc6 9. h3 Bf6 10. Bxd5 exd5 11. Bd2 b6 12. Qe2 Bb7 13. Nh2 Nd4 14. Qd1 Qd7 15. Be3 Nc6 16. Ne2 Bxb2 17. Rb1 Bf6 18. Ng3 Rfe8 19. Ng4 Bd4 20. Bxd4 Nxd4 21. Qd2 Qa4 22. Rec1 Qxa2 23. Ra1 Qb2 24. Qd1 f5 25. Nh2 f4 26. Nh5 Ne2+ 27. Kh1 Nxc1 0-1

[Event "GRE-ch Online Rapid (Women) 1st"]
[Site "Tornelo INT"]
[Date "2021.02.06"]
[Round "2"]
[White "Ergazaki, Eirini"]
[Black "Tzempelikou, Christina"]
[Result "1-0"]
[WhiteElo "1238"]
[BlackElo "1124"]
[PlyCount "63"]
[EventDate "2021.02.06"]
[EventType "swiss (rapid)"]
[EventRounds "8"]
[EventCountry "GRE"]
[SourceTitle "EXT 2023"]
[Source "ChessBase"]
[SourceDate "2022.10.05"]
[SourceVersion "1"]
[SourceVersionDate "2022.10.05"]
[SourceQuality "1"]

1. e4 e5 2. Nf3 Nc6 3. d4 exd4 4. Bc4 Nf6 5. Ng5 d5 6. exd5 Na5 7. Qxd4 Nxc4 8. Qxc4 h6 9. Nf3 Nxd5 10. 0-0 Be7 11. Rd1 Be6 12. Qb5+ c6 13. Qxb7 0-0 14. c4 Rb8 15. Qxc6 Rc8 16. Qa4 Bd7 17. Qb3 Rb8 18. Qd3 Nb6 19. Ne5 Rb7 20. Nc3 Be6 21. b3 Qc7 22. Bf4 Rd8 23. Qf3 Rxd1+ 24. Rxd1 Qc8 25. Qg3 g5 26. h4 Bf6 27. hxg5 hxg5 28. Bxg5 Bxg5 29. Qxg5+ Kh8 30. Rd8+ Qxd8 31. Qxd8+ Kh7 32. Ne4 1-0

[Event "GRE-ch South U12 Girls"]
[Site "Athens"]
[Date "2020.09.03"]
[Round "7"]
[White "Tzempelikou, Christina"]
[Black "Kioseoglou, Foteini"]
[Result "1/2-1/2"]
[WhiteElo "1195"]
[BlackElo "1085"]
[PlyCount "61"]
[EventDate "2020.08.28"]
[EventType "swiss"]
[EventRounds "7"]
[EventCountry "GRE"]
[SourceTitle "EXT 2023"]
[Source "ChessBase"]
[SourceDate "2022.10.05"]
[SourceVersion "1"]
[SourceVersionDate "2022.10.05"]
[SourceQuality "1"]

1. d4 Nf6 2. Nf3 e6 3. Bf4 d5 4. e3 b6 5. c3 Bb7 6. Nbd2 Nbd7 7. Rc1 c5 8. c4 cxd4 9. exd4 Be7 10. Be2 0-0 11. 0-0 Re8 12. Ne5 dxc4 13. Bxc4 Nxe5 14. Bxe5 Bd6 15. Nf3 a6 16. Qd3 b5 17. Bb3 Bxe5 18. Nxe5 Qd6 19. Rfe1 Rad8 20. Rcd1 Qb6 21. a4 Bd5 22. axb5 Qxb5 23. Qxb5 axb5 24. Bxd5 Nxd5 25. f3 Ra8 26. Ra1 Kf8 27. Kf2 Nb4 28. Rxa8 Rxa8 29. b3 Rd8 30. Rd1 f6 31. Ng4 1/2-1/2

[Event "GRE-ch South U12 Girls"]
[Site "Athens"]
[Date "2020.08.30"]
[Round "3"]
[White "Seretaki, Myrto"]
[Black "Tzempelikou, Christina"]
[Result "0-1"]
[WhiteElo "1052"]
[BlackElo "1195"]
[PlyCount "68"]
[EventDate "2020.08.28"]
[EventType "swiss"]
[EventRounds "7"]
[EventCountry "GRE"]
[SourceTitle "EXT 2023"]
[Source "ChessBase"]
[SourceDate "2022.10.05"]
[SourceVersion "1"]
[SourceVersionDate "2022.10.05"]
[SourceQuality "1"]

1. d4 d5 2. c4 c6 3. Nf3 Nf6 4. Qc2 Bg4 5. Ne5 e6 6. Nc3 dxc4 7. f3 Bf5 8. e4 Qxd4 9. Nxc4 b5 10. Be3 Qd8 11. Rd1 Qc7 12. exf5 bxc4 13. fxe6 fxe6 14. Bxc4 Bd6 15. g3 Nd5 16. Qd3 0-0 17. 0-0 Bxg3 18. Rd2 Nxe3 19. Qxe3 Bf4 20. Qxe6+ Kh8 21. Re2 Nd7 22. Rd1 Ne5 23. Re4 Bxh2+ 24. Kg2 Nxf3 25. Qg4 Ne5 26. Qh5 Nxc4 27. Qxh2 Rf2+ 28. Kxf2 Qxh2+ 29. Ke1 Rf8 30. Rf4 Qg1+ 31. Ke2 Qe3+ 32. Kf1 Rxf4+ 33. Kg2 Qf2+ 34. Kh3 Rh4# 0-1

[Event "GRE-ch South U12 Girls"]
[Site "Athens"]
[Date "2020.08.28"]
[Round "1"]
[White "Tzempelikou, Christina"]
[Black "Christodoulou, Georgia"]
[Result "0-1"]
[WhiteElo "1195"]
[BlackElo "1329"]
[PlyCount "76"]
[EventDate "2020.08.28"]
[EventType "swiss"]
[EventRounds "7"]
[EventCountry "GRE"]
[SourceTitle "EXT 2023"]
[Source "ChessBase"]
[SourceDate "2022.10.05"]
[SourceVersion "1"]
[SourceVersionDate "2022.10.05"]
[SourceQuality "1"]

1. d4 e6 2. Nf3 d5 3. Bf4 Nf6 4. h3 c5 5. e3 Qb6 6. b3 Nc6 7. Be2 cxd4 8. Nxd4 e5 9. Nxc6 exf4 10. Nd4 fxe3 11. fxe3 Bd7 12. 0-0 Bd6 13. Nd2 0-0 14. c4 Rfe8 15. cxd5 Nxd5 16. Nc4 Qc7 17. Rc1 Qb8 18. Nf5 Bh2+ 19. Kh1 Bxf5 20. Qxd5 Be6 21. Qf3 Bg3 22. e4 Bh4 23. Rfd1 Qg3 24. Nd6 Qxf3 25. Bxf3 Re7 26. e5 Rb8 27. Nc8 Re8 28. Nxa7 Bg3 29. Rc7 b6 30. Rb7 Rxb7 31. Bxb7 Bxe5 32. Nc6 Bf6 33. Nd4 Rd8 34. a4 Rxd4 35. Rxd4 Bxd4 36. b4 Bc3 37. b5 Bb3 38. Kg1 Bxa4 0-1